000 00360 a2200157 4500
001 151575
040 _cEscola São Tomás de Aquino
100 _aVERNE, Júlio
240 1 0 _aViagem ao centro da terra
_lpor
245 1 0 _aViagem ao centro da terra
300 _a117
362 0 _a1997
440 1 _aEdiouro
697 _a*LITERATURA JUVENIL
942 _cBK
999 _c151575
_d151575